000 004270000a22001690004500
041 0 _aSPA
082 0 4 _aG 253.4 P3598f
100 1 _aPearlman, Myer (1898-1943)
245 1 0 _aEl evangelismo personal / Myer Pearlman
260 _aMiami, FL., USA : Vida
300 _a112 Pag
001 6371
942 _cBK
999 _c36643
_d36643
336 _atexto
_btxt
_2rdacontent
337 _2rdamedia
_asin mediación
_bn
338 _2rdacarrier
_avolumen
_bnc